000 00461nam a2200181Ia 4500
001 9357
005 20260306161712.0
008 260306t2018||||xx |||||||||||||| ||spa||
041 _aESP
082 _a378.125
_bG91
100 _aGuijarro González, Susana
_eAUT
245 0 _aEnseñanzas, saberes y universidades en la Europa medieval
260 _c2018
300 _a304 páginas :
_c21 cm.
650 _aGEN
654 _aCED
942 _cLIB
_dJUS
_fJUS
_2ddc
_n
999 _c9357
_d9357